000 00298nam a22001337a 4500
008 171010b xxu||||| |||| 00| 0 eng d
020 _a0201632179
041 _aeng
080 _a316
100 _a50
101 _aSOC
245 _aCONVERSATIONS WITH NEIL'S BRAIN
_cCALVIN,W.H
942 _2udc
_cBK
999 _c32908
_d32908